Elements of Electromagnetics (Record no. 1307)

MARC details
000 -LEADER
fixed length control field 00336nam a2200145Ia 4500
008 - FIXED-LENGTH DATA ELEMENTS--GENERAL INFORMATION
fixed length control field 191201s2005 xx 000 0 und d
082 ## - DEWEY DECIMAL CLASSIFICATION NUMBER
Classification number 537
Item number SAE
100 ## - MAIN ENTRY--PERSONAL NAME
Personal name SADIKU, Matheuo, N O
245 #0 - TITLE STATEMENT
Title Elements of Electromagnetics
250 ## - EDITION STATEMENT
Edition statement 3rd
260 ## - PUBLICATION, DISTRIBUTION, ETC. (IMPRINT)
Place of publication, distribution, etc USA
Name of publisher, distributor, etc OUP
Date of publication, distribution, etc 2005
300 ## - PHYSICAL DESCRIPTION
Extent 765
650 ## - SUBJECT ADDED ENTRY--TOPICAL TERM
Topical term or geographic name as entry element B.Tech(ECE)
942 ## - ADDED ENTRY ELEMENTS (KOHA)
Source of classification or shelving scheme Dewey Decimal Classification
Koha item type Text Books
Holdings
Withdrawn status Lost status Source of classification or shelving scheme Damaged status Not for loan Collection code Home library Current library Date acquired Source of acquisition Cost, normal purchase price Bill Number Total Checkouts Full call number Acc. no. / Barcode Date last seen Bill Date Koha item type Date last borrowed
    Dewey Decimal Classification     B.Tech(ECE) PIET C-LIBRARY PIET C-LIBRARY 14/08/2006 UBS, DELHI 299.00 125382   537 SAE 1992 04/12/2019 18/08/2005 Text Books  
    Dewey Decimal Classification     B.Tech(ECE) PIET C-LIBRARY PIET C-LIBRARY 14/08/2006 UBS, DELHI 299.00 125382 1 537 SAE 1993 14/07/2021 18/08/2005 Text Books 14/07/2021
    Dewey Decimal Classification     B.Tech(ECE) PIET C-LIBRARY PIET C-LIBRARY 14/08/2006 UBS, DELHI 299.00 125382   537 SAE 1994 04/12/2019 18/08/2005 Text Books  
    Dewey Decimal Classification     B.Tech(ECE) PIET C-LIBRARY PIET C-LIBRARY 20/08/2006 M/s UDH , Delhi 299.00 125382 1 537 SAE 3223 16/03/2020 23/08/2005 Text Books 02/03/2020
    Dewey Decimal Classification     B.Tech(ECE) PIET C-LIBRARY PIET C-LIBRARY 20/08/2006 M/s UDH , Delhi 299.00 125382 2 537 SAE 3224 12/10/2020 23/08/2005 Text Books 11/03/2020
    Dewey Decimal Classification     B.Tech(ECE) PIET C-LIBRARY PIET C-LIBRARY 20/08/2006 M/s UDH , Delhi 299.00 125382 1 537 SAE 3225 12/10/2020 23/08/2005 Text Books 02/03/2020

Design & Developed by: PIET Central Library
R70 Miles Stone Pattikalyana Samalkha Panipat 132102
mail ID :- [email protected], Phone No:- 0180-2569700 Ex.216